| 000 | 00505nam a2200133 a 4500 | ||
|---|---|---|---|
| 008 | 120416s1977 ||||||||||||||||| || u | ||
| 050 | _aNA 2728 Com | ||
| 100 | _aGero, John S | ||
| 245 | 1 | 0 |
_aComputer applications in architecture _cedited by John S. Gero |
| 260 |
_aLondon _bApplied Science Press _c1977 |
||
| 300 | _ax, 413p : ill. | ||
| 350 | _a0.00 | ||
| 995 |
_D0.00 _FCBU-MAIN LIBRARY (Kitwe) _H1 _I0.00 _UAVAILABLE _ZAnnex Low-Usage Collection |
||
| 999 |
_c38214 _d38214 |
||